| 000 | 00576nam a2200205Ia 4500 | ||
|---|---|---|---|
| 005 | 20250508162817.0 | ||
| 008 | 008 250505s9999 xx 000 0 eng d | ||
| 020 | _a81-7024-458-7 | ||
| 037 | _aTextual | ||
| 040 |
_aFEDL _beng _cFEDL |
||
| 041 |
_aeng _2eng |
||
| 084 |
_a307.72, JOH _qFEDL |
||
| 100 |
_aJohn Joseph P. _9774089 |
||
| 245 | 0 | _aShelter of the rural poor | |
| 260 |
_aNew Delhi, India _bAshish Publishing House _c1992 |
||
| 300 | _avi,160p | ||
| 700 |
_a Sridharan N. _9774090 |
||
| 942 |
_cTEXL _h307.72, JOH |
||
| 999 |
_c1378839 _d1378839 |
||